000 00909nam a2200265 i 4500
001 146993
003 ES-MaACL
005 20250902223818.0
007 t|
008 070920s1974 sp ||||1| spa d
080 _a330.831.4
080 _a330.173.3
100 1 _aTullock, Gordon.
_9111670
245 1 0 _aNecesidades privadas y medios públicos
_b: análisis económico del nivel deseable de intervención pública /
_cGordon Tullock ; traducción... Luis A. Martín Merino.
250 _a[1ª ed.].
260 _a[Madrid] :
_bAguilar,
_c[1974]
300 _aXV, 190 p. ;
_c21 cm.
490 1 _aIniciación a la Economía
650 1 4 _aIntervención estatal.
_913879
650 7 _aEconomía del bienestar
_2embne
_9142910
700 0 _aMartín Merino, Luis Adolfo.
_977570
830 0 _aIniciación a la Economía
_9220896
852 _aES-MaACL
_jE-6546
_bR.90857
999 _c146993
_d146993